Rozvoj verejnej infraštruktúry a jej priestorové súvislosti

Charakteristika verejnej infraštruktúry a jej vplyv na rozvoj územia, sídelnej štruktúry a regionálneho rozvoja. Sociálna, technická a dopravná infraštruktúra. Analýza stavu verejnej infraštruktúry. Koncepcie sídelného rozvoja a verejná infraštruktúra. Dostupnosť ako faktor regionálneho rozvoja.

Gespeichert in:
Bibliographische Detailangaben
1. Verfasser: Tvrdoň, Jozef
Weitere Verfasser: Fáziková, Mária, Finka, Maroš, Hanus, Július, Hrdina, Vojtech
Format: Buchkapitel
Sprache:Slowakisch
Schlagworte:
Tags: Tag hinzufügen
Keine Tags, Fügen Sie das erste Tag hinzu!

MARC

LEADER 00000nla$a2200000$$$4500
001 0080213
005 20240502071917.2
041 0 |a slo 
044 |a SK 
245 1 0 |a Rozvoj verejnej infraštruktúry a jej priestorové súvislosti  |c Jozef Tvrdoň, Mária Fáziková, Maroš Finka, Július Hanus, Vojtech Hrdina 
520 |a Charakteristika verejnej infraštruktúry a jej vplyv na rozvoj územia, sídelnej štruktúry a regionálneho rozvoja. Sociálna, technická a dopravná infraštruktúra. Analýza stavu verejnej infraštruktúry. Koncepcie sídelného rozvoja a verejná infraštruktúra. Dostupnosť ako faktor regionálneho rozvoja. 
610 2 0 |a infraštruktúra sociálna 
610 2 0 |a infraštruktúra technická 
610 2 0 |a zákony 
610 2 0 |a starostlivosť sociálna 
610 2 0 |a školy 
610 2 0 |a rozvoj regionálny 
100 1 |a Tvrdoň, Jozef 
700 1 |a Fáziková, Mária 
700 1 |a Finka, Maroš 
700 1 |a Hanus, Július 
700 1 |a Hrdina, Vojtech